• 首页
  • 本馆介绍
  • 公告通知
  • 最新文献
  • 馆藏检索
  • 电子资源
  • 读者导购
  • 参考咨询
  • 我的图书馆
  • 登录
  • 详细信息显示
  • 放入我的书架
  • 预约/预借图书
  • 作者相关作品
  • 分类相关作品
  • 丛书相关作品
  • 出版社相关作品

书目信息

  • 表格格式
  • 工作单格式
  • 卡片格式
题名:
容易用混的词
    
 
作者: 蒋荫楠 , 贾双虎 著
分册:  
出版信息: 北京   北京出版社  1978
页数: 148页
开本: 19cm
丛书名: 语文小丛书
单 册:
中图分类: H136.2
科图分类:
主题词: 汉语--语义 , 汉语--语义学 , 汉语--词汇 , 训诂
电子资源:
ISBN:
000 00758nam2 2200301 45
001 0178004865
005 20040525155939.2
010    @dCNY0.26
091    @a9071.14
100    @a19950718d1978 em y0chiy0121 ea
101 0  @achi
102    @aCN@b110000
105    @ay z 000yy
106    @ar
200 10 @a容易用混的词@Arong yi yong hun de ci@f蒋荫楠,贾双虎著
210    @a北京@c北京出版社@d1978
215    @a148页@d19cm
225 2  @a语文小丛书
410  0 @120010@a语文小丛书
606 0  @a汉语@x语义
606 0  @a汉语@x语义学
606 0  @a汉语@x词汇
606 0  @a训诂
690    @aH136.2@v3
701  0 @a蒋荫楠@Ajiang yin nan@4著
701  0 @a贾双虎@Ajia shuang hu@4著
801  0 @aCN@bNLC@c20040316
905    @dH136.2@e229@b30310@f1
    
    容易用混的词/蒋荫楠,贾双虎著.-北京:北京出版社,1978
    148页;19cm.-(语文小丛书)
    
    
    ISBN :CNY0.26
    
●
相关链接 在E读中查询图书 在五车中查询图书 在当当中查询图书 在豆瓣中查询图书


正题名:容易用混的词     索取号:H136.2/229         预约/预借

序号 登录号 条形码 馆藏地/架位号 状态 备注
1 0030310   000816139   第二样本阅览室/ [索取号:H136.2/229] 在馆    
唐山师范学院图书馆 欢迎您!
大连网信软件有限公司© 版权所有